ბათუმის შოთა რუსთაველის სახელმწიფო უნივერსიტეტის ბიბლიოთეკა

იმიჯოლოგია: (ბიბ.ჩანაწერი № 36493)

000 -ლიდერი
ფიქსირებული სიგრძის საკონტროლო ველი 01535nam a2200253Ia 4500
001 - საკონტროლო ნომერი
საკონტროლო ველი 2411
003 - საკონტროლო ნომრის იდენტიფიკატორი
საკონტროლო ველი GE_BSU
005 - ბოლო ოპერაციის თარიღი და დრო
საკონტროლო ველი 20230915123813.0
008 - ფიქსირებული სიგრძის მონაცემთა ელემენტები - ზოგადი ინფორმაცია
ფიქსირებული სიგრძის საკონტროლო ველი 181216s2009||||ge |||||||||||||| ||geo||
020 ## - წიგნის საერთაშორისო სტანდარტული ნომერი
International Standard Book Number 9789994052660
040 ## - კატალოგიზაციის წყარო
Transcribing agency GE_BSU
041 ## - ენის კოდი
Language code of text/sound track or separate title geo
080 ## - უნივერსალური ათობითი კლასიფიკაციის ინდექსი
Universal Decimal Classification number 17.022.1+116.778.4+324 შ–93
100 ## - მთავარი ჩანაწერი - პიროვნების სახელი
Personal name შუბითიძე, ვაჟა
9 (RLIN) 6107
245 ## - ცნობა სათაურის შესახებ
Title იმიჯოლოგია:
Remainder of title როგორ გავიმარჯვოთ არჩევნებში /
Statement of responsibility, etc ვაჟა შუბითიძე, ავთანდილ ბუცხრიკიძე ; აკაკი წერეთლის სახელობის უნივერსიტეტი.
264 ## - წარმოების, გამოცემის, დისტრიბუციის და სხვა ცნობები
გამოცემის, წარმოების, დისტრიბუციის... ადგილი თბილისი ; ქუთაისი :
გამოცემის, წარმოების, დისტრიბუციის... სახელწოდება [აკ. წერეთლის უნ-ტის გამ-ბა და სტ.],
გამოცემის, წარმოების, დისტრიბუციის... თარიღი 2009.
300 ## - ფიზიკური აღწერა
Extent 188 გვ.;
Other physical details 20სმ.
653 ## - INDEX TERM--UNCONTROLLED
Uncontrolled term იმიჯოლოგია.
653 ## - INDEX TERM--UNCONTROLLED
Uncontrolled term საარჩევნო კამპანია
653 ## - INDEX TERM--UNCONTROLLED
Uncontrolled term პოლიტიკური იმიჯი
700 ## - ADDED ENTRY--PERSONAL NAME
Personal name ბუცხრიკიძე, ავთანდილ
Relator term ავტორი
9 (RLIN) 19823
710 ## - ADDED ENTRY--CORPORATE NAME
Corporate name or jurisdiction name as entry element არნოლდ ჩიქობავას სახელობის სახელობის ენათმეცნიერების ინსტიტუტი,
Subordinate unit ქუთაისის აკაკი წერეთლის სახელმწოფო უნივერსიტეტი.
9 (RLIN) 19824
942 ## - ADDED ENTRY ELEMENTS (KOHA)
Koha item type წიგნი
Source of classification or shelving scheme
ეგზემპლარები
ჩამოწერის სტატუსი დაკარგული ეგზემპლარის სტატუსი კლასიფიკაციის წყარო ან თაროზე გაწყობის სქემა დაზიანების სტატუსი არ გაიცემა მუდმივი მდებარეობა (დაცვის ადგილი) ამჟამინდელი ადგილსამყოფელი თაროზე განთავსების ადგილი შეძენის თარიღი სრული შენახვის შიფრი შტრიხკოდი ბოლო ოპერაციის თარიღი ეგზემპლარის მიმდევრობითი ნომერი (კეტერი?) ფასის ძალაში შესვლის თარიღი ეგზემპლარის სახეობა
          ბათუმის შოთა რუსთაველის სახელმწიფო უნივერსიტეტის მთავარი ბიბლიოთეკა ბათუმის შოთა რუსთაველის სახელმწიფო უნივერსიტეტის მთავარი ბიბლიოთეკა წიგნსაცავი 2018-12-17 17.022.1+116.778.4+324 შ–93 1040 2018-12-17 1040 2018-12-17 წიგნი